00445 a2200169 4500001000700000020000600007040001100013100002000024240002600044245002100070362000900091440001200100697003500112942000700147952010200154999001900256176619 a  cMagnum aMarques, Amadeu10aA book of wisdomlING10aA book of wisdom0 a1899 1aÁtica aMAGNITO: LITERATURA ESTRANGEIR cBK 00104070a32.5b32.5d2024-06-08l0oLI.04176pMAG00025810r2024-06-08 20:50:21w2024-06-08yBK c176619d176619